000 01175aam a2200337a 44500
008 020506s2002 cat
017 _aB-14191-2002
041 _acat
041 _bspa
080 _a624(038)
110 _aCatalunya. Generalitat. Departament de Política Territorial i Obres Públiques
_962064
245 _aDiccionari visual d'oficis de la construcció
_cGeneralitat de Catalunya. Departament de Política Territorial i Obres Públiques
250 _aEdició especial
260 _aBarcelona
_bGeneralitat de Catalunya. Departament de Política Territorial i Obres Públiques
_c2002
300 _a43 p.
_bil.
_c21 cm
500 _aEdició especial amb L'Institut Gaudí de la Construcció amb motiu de l'Any Gaudí i l'Any dels oficis de la construcció
520 _a1.040
591 _a7515
592 _aObra terminològica
593 _aH
594 _a7515
650 _aconstrucció
_960705
650 _adiccionaris visuals
_960634
901 _c<2002>
902 _a020506
942 _cMO
_n0
_2ddc
999 _c61254
_d61254